000 00205 a2200097 4500
020 _a9780794541880
041 _aeng
100 _aPunter, Rusell
245 _aThe old woman who lived in a shoe
942 _cBK
999 _c31640
_d31638